| 000 | 01066nam a22003257a 4500 | ||
|---|---|---|---|
| 003 | CHAP | ||
| 005 | 20220329140847.0 | ||
| 008 | 971013s1991 r 00010 d | ||
| 010 | _a58822 | ||
| 011 | _a59794 | ||
| 035 | _a63954 | ||
| 040 | _cCHAP | ||
| 082 |
_a632.58 _bT42 |
||
| 100 | 0 | 0 |
_aTeBeest, David O. _eed. _9111868 |
| 245 | _aMicrobial control of weeds | ||
| 260 |
_aNew York : _bChapman and Hall, _c1991 |
||
| 300 |
_a284 p. _b: ilus. |
||
| 590 |
_aBATCH-UPD _b10 _c20130109 _lUCH01 _h2318 |
||
| 590 |
_aBATCH-UPD _b10 _c20130110 _lUCH01 _h0701 |
||
| 590 |
_aBATCH-UPD _b10 _c20130409 _lUCH01 _h1840 |
||
| 590 |
_aBATCH-UPD _b10 _c20130410 _lUCH01 _h0346 |
||
| 590 |
_aBATCH-UPD _b10 _c20130914 _lUCH01 _h1048 |
||
| 590 |
_aCONVERSION _b10 _c20130109 _lUCH01 _h1332 |
||
| 650 | 1 | 4 |
_aControl biológico de malas hierbas. _927584 |
| 650 | 1 | 4 |
_aInteracción huésped-parásito. _959512 |
| 650 | 1 | 4 |
_aMicroorganismos patógenos. _975528 |
| 901 | _aBK | ||
| 942 | _cLIBRO | ||
| 949 |
_a632.58 T42 _bBC _cLIBRO _d33724000608055 _eLIBRO _gI.180783 _h89960 _i63954 _sm _t871.00 |
||
| 999 |
_c58822 _d58822 |
||